Estadísticas para Países que producen la mayor cantidad de plátanos

Haz click aquí para tomar la prueba!

Estadísticas generales

  • Esta prueba ha sido tomada 1.183 veces
    (340 desde el último reinicio)
  • La puntuación promedio es 11 de 15

Estadísticas de respuestas

Toneladas métricasPaís% Correcto
6,64 millonesBrasil
97%
2,43 millonesColombia
95%
2,31 millonesPerú
88%
11,9 millonesChina
86%
6,02 millonesEcuador
86%
31,5 millonesIndia
85%
2,46 millonesMéxico
85%
8,18 millonesIndonesia
83%
2,53 millonesCosta Rica
71%
4,48 millonesGuatemala
66%
2,19 millonesVietnam
62%
5,96 millonesFilipinas
59%
3,42 millonesTanzania
51%
1,86 millonesKenia
50%
4,12 millonesAngola
45%

Distribución de puntuación

Porcentaje por número respondido

Porcentaje de gente con cada puntuación

Historial de tus puntuaciones

No has tomado esta prueba desde el último reinicio